Libertad asistida : una opcion de cambio para jovenes infractores-contraventores (Registro nro. 88198)
[ vista simple ]
| 000 -CABECERA | |
|---|---|
| campo de control de longitud fija | 00990nam a2200289 u 4500 |
| 001 - NÚMERO DE CONTROL | |
| campo de control | 187949 |
| 005 - FECHA Y HORA DE LA ÚLTIMA TRANSACCIÓN | |
| campo de control | 20260506081351.0 |
| 008 - DATOS DE LONGITUD FIJA--INFORMACIÓN GENERAL | |
| campo de control de longitud fija | 980529s1998 ||||||m| spa |
| 035 ## - NÚMERO DE CONTROL DEL SISTEMA | |
| Número de control de sistema | 187949 |
| 040 ## - FUENTE DE LA CATALOGACIÓN | |
| Centro/agencia transcriptor | comduadb |
| 041 ## - CÓDIGO DE LENGUA | |
| Código de lengua del texto/banda sonora o título independiente | spa |
| 080 ## - NÚMERO DE LA CLASIFICACIÓN DECIMAL UNIVERSAL | |
| Número de la Clasificación Decimal Universal | T |
| 080 ## - NÚMERO DE LA CLASIFICACIÓN DECIMAL UNIVERSAL | |
| Número de la Clasificación Decimal Universal | R/CD |
| 082 #4 - NÚMERO DE LA CLASIFICACIÓN DECIMAL DEWEY | |
| Número de clasificación | 362 |
| 245 10 - TÍTULO PROPIAMENTE DICHO | |
| Título propiamente dicho | Libertad asistida : una opcion de cambio para jovenes infractores-contraventores |
| 260 ## - PUBLICACIÓN, DISTRIBUCIÓN, ETC. | |
| Lugar de publicación, distribución, etc. | Medellín : |
| Nombre del editor, distribuidor, etc. | [sin publicador], |
| Fecha de publicación, distribución, etc. | 1998. |
| 300 ## - DESCRIPCIÓN FÍSICA | |
| Extensión | 233h. il fotografias |
| 500 ## - NOTA GENERAL | |
| Nota general | Tesis (Especialista en Gerencia del Desarrollo Social). Universidad de Antioquia - Título del grado otorgado |
| 650 ## - PUNTO DE ACCESO ADICIONAL DE MATERIA--TÉRMINO DE MATERIA | |
| Término de materia o nombre geográfico como elemento de entrada | Trabajo social con jóvenes |
| 9 (RLIN) | 50963 |
| 650 #7 - PUNTO DE ACCESO ADICIONAL DE MATERIA--TÉRMINO DE MATERIA | |
| Término de materia o nombre geográfico como elemento de entrada | Juventud |
| Fuente del encabezamiento o término | lemb |
| 9 (RLIN) | 130190 |
| 650 #7 - PUNTO DE ACCESO ADICIONAL DE MATERIA--TÉRMINO DE MATERIA | |
| Término de materia o nombre geográfico como elemento de entrada | Violencia |
| Fuente del encabezamiento o término | embne |
| 9 (RLIN) | 32770 |
| 650 ## - PUNTO DE ACCESO ADICIONAL DE MATERIA--TÉRMINO DE MATERIA | |
| Término de materia o nombre geográfico como elemento de entrada | Juventud y violencia - Colombia |
| 9 (RLIN) | 155504 |
| 650 #7 - PUNTO DE ACCESO ADICIONAL DE MATERIA--TÉRMINO DE MATERIA | |
| Término de materia o nombre geográfico como elemento de entrada | Delincuencia juvenil |
| Fuente del encabezamiento o término | lemb |
| 9 (RLIN) | 860112 |
| 700 10 - ENTRADA AGREGADA--NOMBRE PERSONAL | |
| Nombre de persona | Castaneda Alzate, Sandra Liliana |
| Código de función | aut |
| Término indicativo de función/relación | Autor/a |
| 9 (RLIN) | 495215 |
| 700 10 - ENTRADA AGREGADA--NOMBRE PERSONAL | |
| Nombre de persona | Montoya Macias, Gloria Lucia |
| Código de función | aut |
| Término indicativo de función/relación | Autor/a |
| 9 (RLIN) | 279469 |
| 942 ## - ELEMENTOS DE ENTRADA AGREGADA (KOHA) | |
| Tipo de ítem Koha | Tesis |
| Estado de retiro | Estado de pérdida | Estado dañado | No para préstamo | Código de colección | Localización permanente | Ubicación/localización actual | Fecha de adquisición | Fuente de adquisición | Número de inventario | Total de préstamos | Signatura topográfica completa | Código de barras | Fecha visto por última vez | Número de copia | Precio válido a partir de | Tipo de ítem Koha |
|---|---|---|---|---|---|---|---|---|---|---|---|---|---|---|---|---|
| Colección de Tesis. Piso 2 | Biblioteca Carlos Gaviria Díaz, Campus Medellín | Biblioteca Carlos Gaviria Díaz, Campus Medellín | 29/05/1998 | Material adquirido por donación | C260090 | 362.7 E82l | 61000002685614 | 22/04/2023 | 1 | 22/04/2023 | Tesis | |||||
| Colección General | CRAI María Teresa Uribe (FCSH, Bl. 9-305) | CRAI María Teresa Uribe (FCSH, Bl. 9-305) | 14/08/2007 | C960128 | T-02829 | 0620422 | 22/04/2023 | 2 | 22/04/2023 | Tesis | ||||||
| Colección Digital (Discos Ópticos, DVD) | CRAI María Teresa Uribe (FCSH, Bl. 9-305) | CRAI María Teresa Uribe (FCSH, Bl. 9-305) | 08/10/2018 | Material adquirido por donación | C1297244 | R/CD-05034 | 22/04/2023 | 3 | 22/04/2023 | Tesis |